El autor y los interlocutores de los diálogos de la montería / (Record no. 161781)

MARC details
000 -LEADER
campo de control de longitud fija 00708nam a22001815i 4500
001 - NÚMERO DE CONTROL
campo de control 161781
003 - IDENTIFICADOR DE NÚMERO DE CONTROL
campo de control ES-MaACL
005 - FECHA Y HORA DE LA ÚLTIMA TRANSACCIÓN
campo de control 20240301063056.0
008 - DATOS DE LONGITUD FIJA--INFORMACIÓN GENERAL
campo de control de longitud fija 990312s1890 sp |||| | spa d
040 ## - FUENTE DE CATALOGACIÓN
Centro catalogador/agencia de origen CCPB | B
Lengua de catalogación spa
Centro/agencia transcriptor CCPB | B
100 1# - ENTRADA PRINCIPAL--NOMBRE DE PERSONA
Nombre de persona Pérez de Guzmán y Gallo, Juan,
Fechas asociadas al nombre 1841-1928
9 (RLIN) 90777
245 13 - MENCIÓN DEL TÍTULO
Título El autor y los interlocutores de los diálogos de la montería /
Mención de responsabilidad, etc. por Juan Pérez de Guzmán.
260 ## - PUBLICACIÓN, DISTRIBUCIÓN, ETC.
Lugar de publicación, distribución, etc. Madrid :
Nombre del editor, distribuidor, etc. [s.n.],
Fecha de publicación, distribución, etc. 1890 (
Fabricante Oficina tipográfica de Ricardo Fé)
300 ## - DESCRIPCIÓN FÍSICA
Extensión 105 p. ;
Dimensiones 23 cm.
500 #1 - NOTA GENERAL
Nota general Tirada de 100 ejemplares.
852 ## - LOCALIZACIÓN
Ubicación ES-MaACL
Número de control de estantería T-533-F-4
Nota libre -- Enc. hol. conservando la cub. original
-- -- Enc. en un vol. facticio
Holdings
Estatus retirado Estado de pérdida Estado de daño No para préstamo Colección Biblioteca de origen Biblioteca actual Ubicación en estantería Fecha de adquisición Total de préstamos Signatura topográfica completa Código de barras Visto por última vez Precio de reemplazo Tipo de ítem Koha
        Colección de folletos Biblioteca del Ateneo de Madrid Biblioteca del Ateneo de Madrid Depósito folletos 17/01/2008   T-533-F-4 1169467 23/02/2023 23/02/2023 Folleto